Catàleg : octubre 1981 / Diputació de Barcelona. Servei de Cartografia octubre 1981 / Diputació de Barcelona. Servei de Cartografia
Descripción Física:
1 sol full pleg. ; 24 x 20 cm
MARC
| LEADER | 00000nam a2200000Ia 4500 | ||
|---|---|---|---|
| 001 | 9145 | ||
| 008 | 160829s9999 xx 000 0 cat d | ||
| 080 | |a FU-9-67 | ||
| 110 | 1 | |a Barcelona (Catalunya : Província). |b Servei de Cartografia |9 55233 | |
| 245 | |a Catàleg : |b octubre 1981 / Diputació de Barcelona. Servei de Cartografia | ||
| 260 | |a Barcelona : |b el Servei, DL 1981 | ||
| 300 | |a 1 sol full pleg. ; |c 24 x 20 cm | ||
| 650 | |a Barcelona. Diputació. Servei de Cartografia |x Catàlegs |9 20812 | ||
| 901 | |a Arxiu | ||
| 942 | |n 1 | ||
| 952 | |0 0 |1 0 |4 0 |6 FU967 |7 1 |9 41691 |a Arxiu |b Arxiu |d 2016-12-01 |l 0 |o FU-9-67 |p 9145 |r 2016-12-01 00:00:00 |w 2016-12-01 |y ARXIU | ||
| 999 | |c 43581 |d 43581 | ||